000 00454nam a22001817a 4500
003 MPLRDC
005 20220104113550.0
008 210129b ||||| |||| 00| 0 eng d
082 _a857.62 KNDE-2 v.10
100 _a柯南. 道尔
245 _a恐怖谷
_c简文祥译
250 _a再版
260 _a
_b大众书局
_c1969
300 _b
490 _a名侦探福尔摩斯选集. 10
650 _a推理小说
942 _cBK
_o857.62 KNDE-2 v.10
999 _c642
_d632